00946nam a2200253 a 450000100060000000300080000600500170001400800410003102000150007203500190008703500120010604000270011804100080014508200310015310000250018424501820020926000340039130000210042550400320044665000520047894200120053099900170054295201330055961182BD-RjUL20211209080930.0170115s1975 fr b i00010 eng d a9231011588 a(BD-RjUL)61306 a1191213 aANLbengdANLcBD-RjUL aeng0 a302.23071 223 bKAM 1975 1 aKatzen, May.918253410aMass communication :bteaching and studies at universities : a world-wide survey on the role of universities in the study of the mass media and mass communication /cMay Katzen. aParis :bUnesco Press,c1975. a278 p. ;c24 cm. aBibliography: p. [271]-278. 0aMass mediaxStudy and teaching (Higher)9182535 2ddccBK c61182d61182 00102ddc40718NFICaRUCLbRUCLcReadingd1982-06-05eUNESCOl0o302.23071 KAM 1975r2017-01-15 00:00:00tC-1w2017-01-15yBK